000 00656nam a2200217Ia 4500
005 20250508160954.0
008 008 250505s9999 xx 000 0 eng d
020 _a0-13-189407-2
037 _aTextual
040 _aFEDL
_beng
_cFEDL
041 _aeng
_2eng
084 _a371.397, HEI
_qFEDL
100 _aHeinig Ruth Beall
_9769897
245 0 _aCreative dramatics for the classroom teacher
260 _aEnglewood Cliffs
_bPrentice-Hall
_c1974
300 _axiii,285p
490 _aPrentice - Hall series in theatre and drama
700 _a Still Well Lyda
_9769898
942 _cTEXL
_h371.397, HEI
999 _c1367690
_d1367690